Statistics for Best Eminem songs

Click here to take the quiz!

General Stats

  • This quiz has been taken 31 times
  • The average score is 11 of 17

Answer Stats

Hint Song % Correct
8 MileLose Yourself
96%
Song with more words than any otherRap God
88%
MGK dissKillshot
83%
About an obsessed fanStan
79%
Also with RihannaThe Monster
79%
MarvelVenom
75%
With RihannaLove the way you lie
75%
Dre Batman and RobinemWithout Me
75%
About people copycating EminemThe Real Slim Shady
71%
With Ed SheeranRiver
67%
With Dr Dre and Skylar GreyI need a doctor
63%
With Joyner LucasLucky You
63%
His nameMy Name is
54%
First Kamikaze videoFall
50%
Debbie dissCleanin out my closet
38%
With Dr DreForgot about Dre
38%
Dedicated to the militaryNot Afraid
29%

Score Distribution

Percentile by Number Answered

Percent of People with Each Score

Your Score History

You have not taken this quiz